Score 0/20 Timer 02:00
0 Plays Today
Clue 4-Letter Word % Correct
Vegetables that come in podsPEAS
91.5%
D-Day Beach
OR a precious metal
⚔ GOLD ⚔
88.3%
Sport played by Els, Woods and SinghGOLF
86.4%
6th month of the calendar yearJUNE
85%
Had on, such as a shirtWORE
81.6%
A bread fungus, in the USMOLD
81.4%
Austen who wrote 'Persuasion'JANE
79.4%
Lupine animalWOLF
79.4%
D-Day Beach
OR a western US State
⚔ UTAH ⚔
78.9%
Dwindle, like a moon phaseWANE
77%
Clue 4-Letter Word % Correct
A good to be soldWARE
75.5%
Compressed burnable mossPEAT
74.1%
D-Day Beach
OR an Ellen Page movie
⚔ JUNO ⚔
72.4%
Klingon officer on the USS EnterpriseWORF
71.9%
Organizations for faculty and families at schoolsPTAS
70.8%
Fix or repair MEND
60.7%
A card combination in pinochleMELD
58%
An Egyptian god associated with MemphisPTAH
56.1%
Confined or repressedPENT
44.5%
Remain undecidedPEND
43%

Today's Daily Dose

You're not logged in!

Compare scores with friends on all Sporcle quizzes.
OR
Log In

Sporcle TV

Today on Sporcle TV


Watch our educational content, quiz creation guides, and fun videos on Sporcle TV.

Show Comments

Extras

Top Quizzes Today


Score Distribution

Paid Content

Your Account Isn't Verified!

In order to create a playlist on Sporcle, you need to verify the email address you used during registration. Go to your Sporcle Settings to finish the process.

Report this User

Report this user for behavior that violates our Community Guidelines.

Details: